000
00291nam a22001217a 4500
008
180910b xxu||||| |||| 00| 0 eng d
041
_a
eng
080
_a
159.9
100
_a
50
101
_a
PSI
245
_a
Early Perience And The Organization Of Behavior
_c
John.p
942
_2
udc
_c
BK
999
_c
47619
_d
47619